| 000 | 00352nam a22001457a 4500 | ||
|---|---|---|---|
| 003 | OSt | ||
| 008 | 250425b |||||||| |||| 00| 0 eng d | ||
| 020 | _a9789386215963 | ||
| 100 | _aDIVAKARUNI,Chitra Banerjee | ||
| 245 | _aThe Palace of Illusions | ||
| 260 |
_aNew Delhi _bPicador India _c2024 |
||
| 300 | _a360 | ||
| 650 | _aGeneral | ||
| 942 |
_2ddc _cBK |
||
| 999 |
_c13433 _d13433 |
||